WWE - les 30 participants au royal rumble féminin 2025 - Statistiques

Statistiques générales
  • Ce quiz a été pris 171 fois
  • Le résultat moyen est 18 sur 30
Statistiques - réponses
Numéro Entrant % Correct
27 Charlotte Flair
90%
2 Liv Morgan
90%
10 Bianca Belair
87%
21 Alexa Bliss
86%
15 Naomi
86%
1 Iyo Sky
83%
29 Nia Jax
80%
12 Bayley
78%
3 Roxanne Perez
76%
5 Chelsea Green
73%
26 Raquel Rodriguez
72%
30 Nikki Bella
69%
17 Piper Niven
65%
28 Giulia
61%
24 Stephanie Vaquer
61%
4 Lyra Valkyria
57%
18 Natalya
54%
25 Trish Stratus
53%
20 Michin
46%
19 Jordynne Grace
45%
14 Maxxine Dupri
43%
22 Zelina Vega
43%
9 Lash Legend
42%
6 B-Fab
38%
7 Ivy Nile
36%
23 Candice LeRae
35%
8 Zoey Stark
35%
11 Shayna Baszler
28%
16 Jaida Parker
25%
13 Sonya Deville
20%
Aucun quiz correspondant
Distribution des résultats
% des personnes avec chaque résultat
Percentile par nombre de réponses
Votre historique - résultats
Vous n’avez pas pris ce quiz